| Tag |
First Indicator |
Second Indicator |
Subfields |
| LEADER |
00000pam a2200000 i 4500 |
| 001 |
in00000055411 |
| 005 |
20151008052228.0 |
| 008 |
780705s1979 nyua b 00100 eng |
| 010 |
|
|
|a 78015797
|
| 020 |
|
|
|a 047160240X
|
| 035 |
|
|
|a (OCoLC)04076370
|
| 035 |
|
|
|a AAH2342AM
|
| 040 |
|
|
|a DLC
|c DLC
|d TXA
|d UtOrBLW
|
| 049 |
|
|
|a TXAM
|c [1160005]
|
| 050 |
0 |
0 |
|a TK5103.59
|b .M52
|
| 082 |
0 |
|
|a 621.38/0414
|
| 100 |
1 |
|
|a Midwinter, John E.
|
| 245 |
1 |
0 |
|a Optical fibers for transmission /
|c John E. Midwinter.
|
| 264 |
|
1 |
|a New York :
|b Wiley,
|c [1979]
|
| 264 |
|
4 |
|c ©1979
|
| 300 |
|
|
|a xv, 410 pages :
|b illustrations ;
|c 24 cm.
|
| 336 |
|
|
|a text
|b txt
|2 rdacontent
|
| 337 |
|
|
|a unmediated
|b n
|2 rdamedia
|
| 338 |
|
|
|a volume
|b nc
|2 rdacarrier
|
| 490 |
1 |
|
|a Wiley series in pure and applied optics
|
| 504 |
|
|
|a Includes bibliographical references and index.
|
| 650 |
|
0 |
|a Optical communications.
|
| 650 |
|
0 |
|a Fiber optics.
|
| 830 |
|
0 |
|a Wiley series in pure and applied optics.
|
| 999 |
|
|
|a MARS
|
| 999 |
f |
f |
|s 75e3ac0b-3dc4-382b-a1b6-dce4aaf3918d
|i fd024c6d-0df0-399e-be46-458a2cd02cf7
|t 0
|
| 952 |
f |
f |
|p ric
|a Texas A&M University
|b Rellis Campus
|c Joint Library Facility
|d Remote Storage
|t 0
|e TK5103.59 .M52
|h Library of Congress classification
|i unmediated -- volume
|m A14805481339
|
| 998 |
f |
f |
|a TK5103.59 .M52
|t 0
|l Remote Storage
|